|
|
|
|
| LEADER |
00000nam0a2200000 4500 |
| 001 |
276594 |
| 005 |
20231031231146.0 |
| 010 |
|
|
|a 9785941784455
|
| 035 |
|
|
|a (RuTPU)RU\TPU\book\299867
|
| 090 |
|
|
|a 276594
|
| 100 |
|
|
|a 20141124d2014 m y0rusy50 ca
|
| 101 |
0 |
|
|a rus
|
| 102 |
|
|
|a RU
|
| 105 |
|
|
|a a j 001zy
|
| 200 |
1 |
|
|a Надежность технических систем и техногенный риск
|e практикум для вузов
|f А. И. Барботько, В. А. Кудинов
|
| 210 |
|
|
|a Старый Оскол
|c ТНТ
|d 2014
|
| 215 |
|
|
|a 203 с.
|c ил.
|
| 320 |
|
|
|a Библиогр.: с. 177-179.
|
| 330 |
|
|
|a В практикуме содержатся индивидуальные задания, методика статистического анализа характеристик состояния элементов сложных технических систем (ТС), методика надёжности и прогнозирования риска появления зон разрушения наземных сооружений ударной волной при взрыве ГВС большой мощности, последствий от прорыва мощных гидротехнических сооружений и других видов катастроф, а также комплексы вопросов по теоретическим основам курса, предназначенные для тестового опроса в рамках аудиторного, промежуточного и аттестационного контроля, выполнения домашних заданий, рефератов.Практикум предназначен для студентов вузов, обучающихся по направлению «Техносферная безопасность», а также будет полезен преподавателям вузов, преподавателям и слушателям учебно-методических центров управлений по делам ГО и ЧС, инженерно-техническим работникам, занимающимся вопросами обеспечения безопасности производств, изучающим вопросы надёжности и техногенного риска технических систем (ТС).
|
| 606 |
1 |
|
|a Технические системы сложные
|x Надежность
|2 stltpush
|3 (RuTPU)RU\TPU\subj\60084
|
| 610 |
1 |
|
|a элементы
|
| 610 |
1 |
|
|a состояние
|
| 610 |
1 |
|
|a статистический анализ
|
| 610 |
1 |
|
|a взрыв
|
| 610 |
1 |
|
|a экономический ущерб
|
| 610 |
1 |
|
|a оценка
|
| 610 |
1 |
|
|a гидротехнические сооружения
|
| 610 |
1 |
|
|a разрушение
|
| 610 |
1 |
|
|a техногенные риски
|
| 610 |
1 |
|
|a водоснабжение
|
| 610 |
1 |
|
|a водоотведение
|
| 610 |
1 |
|
|a насосные системы
|
| 610 |
1 |
|
|a работоспособность
|
| 610 |
1 |
|
|a цикловое функционирование
|
| 610 |
1 |
|
|a риски
|
| 610 |
1 |
|
|a расчетно-графические работы
|
| 610 |
1 |
|
|a контрольные задания
|
| 610 |
1 |
|
|a тесты
|
| 610 |
1 |
|
|a учебные пособия
|
| 675 |
|
|
|a 62-192(076)
|v 4
|
| 700 |
|
1 |
|a Барботько
|b А. И.
|g Анатолий Иванович
|
| 701 |
|
1 |
|a Кудинов
|b В. А.
|g Виталий Алексеевич
|
| 801 |
|
1 |
|a RU
|b 63413507
|c 20141124
|
| 801 |
|
2 |
|a RU
|b 63413507
|c 20150521
|g RCR
|
| 900 |
|
|
|a Надежность технических систем и техногенный риск
|
| 942 |
|
|
|c BK
|
| 953 |
|
|
|l 8
|
| 959 |
|
|
|a 151/20141124
|d 2
|e 370,00
|f ЧЗТЛ:1
|f АНЛ:1
|